general topology (Record no. 176274)

000 -LEADER
fixed length control field 00341nam a2200133Ia 4500
008 - FIXED-LENGTH DATA ELEMENTS--GENERAL INFORMATION
fixed length control field 220217s9999||||xx |||||||||||||| ||und||
020 ## - INTERNATIONAL STANDARD BOOK NUMBER
International Standard Book Number 81-8128-328-7
082 ## - DEWEY DECIMAL CLASSIFICATION NUMBER
Classification number 514.3 KEL
100 ## - MAIN ENTRY--PERSONAL NAME
Personal name Kelley, John, L
9 (RLIN) 5359
245 #0 - TITLE STATEMENT
Title general topology
260 ## - PUBLICATION, DISTRIBUTION, ETC.
Place of publication, distribution, etc. Springer press
Name of publisher, distributor, etc. California
Date of publication, distribution, etc. 2008
300 ## - PHYSICAL DESCRIPTION
Other physical details 695
650 ## - SUBJECT ADDED ENTRY--TOPICAL TERM
Topical term or geographic name entry element MATHEMATICS
Holdings
Withdrawn status Lost status Damaged status Not for loan Collection code Home library Current library Shelving location Date acquired Full call number Barcode Date last seen Price effective from Koha item type
        Computer Science and Engineering Central Library Central Library Book Cart 02/18/2022 514.3 KEL 11463 02/18/2022 02/18/2022 Books

Powered by Koha